Central Library OPAC University of Rajshahi

Growth rate tables / (Record no. 42654)

MARC details
000 -LEADER
fixed length control field 00780nam a2200229 a 4500
001 - CONTROL NUMBER
control field 42654
003 - CONTROL NUMBER IDENTIFIER
rucl marc code BD-RjUL
005 - DATE AND TIME OF LATEST TRANSACTION
control field 20211209053554.0
008 - FIXED-LENGTH DATA ELEMENTS--GENERAL INFORMATION
fixed length control field 160614s1966 enka 000 0 eng
035 ## - SYSTEM CONTROL NUMBER
System control number (BD-RjUL) 42772
040 ## - CATALOGING SOURCE
Original cataloging agency OCoLC
Language of cataloging eng
Modifying agency ANL
-- BD-RjUL
Transcribing agency BD-RjUL
041 ## - LANGUAGE CODE
Language code of text/sound track or separate title eng
082 04 - DEWEY DECIMAL CLASSIFICATION NUMBER
Classification number 511.80212
Edition number 23
Author mark and year BUG 1966
100 1# - MAIN ENTRY--PERSONAL NAME
Personal name Burley, H. T.
9 (RLIN) 131119
245 10 - TITLE STATEMENT
Title Growth rate tables /
Statement of responsibility, etc. by H. T. Burley.
260 ## - PUBLICATION, DISTRIBUTION, ETC. (IMPRINT)
Place of publication, distribution, etc. Cambridge :
Name of publisher, distributor, etc. Cambridge University Press,
Date of publication, distribution, etc. 1966.
300 ## - PHYSICAL DESCRIPTION
Pagination 60 p. :
Illustrations ill. ;
Size 25 cm.
490 1# - SERIES STATEMENT
Series statement Occasional papers / Dept. of Applied Economics, University of Cambridge ;
Volume/sequential designation 10
650 #0 - SUBJECT ADDED ENTRY--TOPICAL TERM
Topical term or geographic name as entry element Interest
General subdivision Tables.
9 (RLIN) 131120
830 #0 - SERIES ADDED ENTRY--UNIFORM TITLE
Uniform title Occasional papers (University of Cambridge. Department of Applied Economics)
Volume number/sequential designation 10.
942 ## - ADDED ENTRY ELEMENTS (KOHA)
Source of classification or shelving scheme Dewey Decimal Classification
Koha item type Books
Holdings
Lost status Source of classification or shelving scheme Damaged status Not for loan Collection code Permanent Location Current Location Shelving location Date acquired Total Checkouts Full call number Date last seen Copy number Koha item type Source of acquisition Cost, normal purchase price
  Dewey Decimal Classification     Non-fiction Central Library, University of Rajshahi Central Library, University of Rajshahi   22/04/1941   511.80212 BUG 1966 14/06/2016 C-2 Books    
  Dewey Decimal Classification     Non-fiction Central Library, University of Rajshahi Central Library, University of Rajshahi   22/04/1941   511.80212 BUG 1966 14/06/2016 C-3 Books Zeithinger 7.60